000 00578cam a22002171 4500
001 1704073
005 20180212033403.0
008 710308s1968 mau 000 0 eng
010 _a 68025619
040 _aDLC
_cDLC
_dDLC
041 _aeng
043 _an-us---
080 _a301.427 SEN
082 0 0 _a301.427 SEN
100 1 _a50
101 _aSOC
245 1 4 _aThe firstborn; experiences of eight American families.
_cEditors: Milton J. E. Senn and Claire Hartford.
350 _a10.00
906 _a7
_bcbc
_corignew
_du
_eocip
_f19
_gy-gencatlg
942 _2ddc
_cBK
999 _c42291
_d42291